| 000 | nam a22 a 4500 | ||
|---|---|---|---|
| 999 |
_c460702 _d460702 |
||
| 003 | BLK | ||
| 005 | 20220613134729.0 | ||
| 008 | 180410b bul|||||r ||||||| ||bul|| | ||
| 010 | _aKNG00158383000 | ||
| 040 | _aBLK | ||
| 041 |
_aBUL _cBUL |
||
| 080 |
_aСоциография. Социално положение. Условия на политическия и социалния живот. Социално и социално-икономическо положение на отделните страни, народи, раси. Социална география. (Общи въпроси) _b308 _x(81) _z308(81) |
||
| 080 |
_aГеография на Южна Америка 913(8) _b913(8) _z913(8) |
||
| 100 | 1 |
_aГеоргиев, Любен Андреев _eпърви автор _9308844 |
|
| 139 |
_aГеоргиев, Любен Андреев _bГ 37 |
||
| 245 | 1 | 0 |
_aМексико _bПолит.-геогр. очерк _cЛюбен Георгиев. |
| 257 | _aBGR | ||
| 260 |
_aСофия _bНС ОФ _c1967 _9216848 |
||
| 300 |
_a64 с. _bс ил. _c20 см |
||
| 380 | _a3 | ||
| 490 |
_aПоредица Пред новата карта на света _v10 _9205134 |
||
| 500 | _a4 600 тир. | ||
| 650 | 0 |
_aМексико _9421928 |
|
| 651 | 7 |
_aМексико _9179210 |
|
| 653 | 7 |
_aМексико _9190822 |
|
| 852 |
_aЦб 44625 _bЦб |
||
| 942 |
_cKNG _n0 _s1 |
||
| 944 |
_aCR _c2022-06-13 _kир |
||
| 999 | _d460702 | ||